000 00991nam a22002777a 4500
001 06369
003 HDC
007 cr bn ---aaaaa
008 210123b20062006xxu||||| |||| 00| 0 eng d
020 _a9780849333385
040 _aHDC
100 _aCrippin, James B
_eauthor
_96746
245 0 _aIngredients
_c/ James B. Crippin
260 _aUnited States:
_bCRC Press/Taylor & Francis, 2006
_c2006
300 _a1 online resource (24 pages)
336 _atext
_2rdacontent
337 _acomputer
_2rdamedia
338 _aonline resource
_2rdacarrier
500 _aOriginally form: Explosives and Chemical Weapons Identification, 2006 (pages 83-106)
650 _aChemical weapons
_xIdentification
_96748
650 _aExplosives
_xIdentification
_96750
856 _zRequest full-text at [email protected]
942 _2lcc
942 _cCHAP
942 _kEBCH 004252
999 _c3693
_d3693